000 01052nam a2200277Ia 4500
003 OSt
005 20221005111918.0
006 a|||||r|||| 00| 0
007 ta
008 221004b |||||||| |||| 00| 0 san d
020 _a978817080412 (hbk)
_c800
024 _a25017
037 _b310, 25/02/2016, Vidyanidhi Prakashan
_cTextual
040 _aCRL
_cCRL
_bsan
041 _2san
_asan
082 _aP15,C:3x4,1, 152Q5.2
100 _aश्रीमद्भर्तृहरि
_9162673
245 0 _aवाक्यपदीयम्
246 _aVākyapadīyam
260 _aवाराणसी
_bचौखम्बा संस्कृत भारत
_c2015
300 _a584पृ0
_ccm.
490 _vखण्ड 2
_aचौखम्बा संस्कृत सीरीज; 159
650 _aसंस्कृत भाषा
942 _hP15,C:3x4,1, 152Q5.2
_cTEXL
_2cc
999 _c1023274
_d1023274